Library Logo

Pioneer International University Library Catalogue

U.S. HOMELAND SECURITY: (Record no. 9784)

MARC details
000 -LEADER
fixed length control field 00426nam a22001457a 4500
003 - CONTROL NUMBER IDENTIFIER
control field OSt
005 - DATE AND TIME OF LATEST TRANSACTION
control field 20251113064911.0
008 - FIXED-LENGTH DATA ELEMENTS--GENERAL INFORMATION
fixed length control field 251113b |||||||| |||| 00| 0 eng d
040 ## - CATALOGING SOURCE
Transcribing agency ABC-CLIO ,INC
050 ## - LIBRARY OF CONGRESS CALL NUMBER
Classification number HV6432.4 .B35 2005
Item number .B35 2005
245 ## - TITLE STATEMENT
Title U.S. HOMELAND SECURITY:
Remainder of title A REFERENCE HANDBOOK/
Statement of responsibility, etc. BALL, HOWARD
250 ## - EDITION STATEMENT
Edition statement 1ST EDITION
260 ## - PUBLICATION, DISTRIBUTION, ETC.
Place of publication, distribution, etc. SANTA BARBARA, CARLIFORNIA:
Name of publisher, distributor, etc. ABC- CLIO ,INC,
Date of publication, distribution, etc. 2005
942 ## - ADDED ENTRY ELEMENTS (KOHA)
Source of classification or shelving scheme Library of Congress Classification
Koha item type Books
Suppress in OPAC No
Holdings
Withdrawn status Lost status Source of classification or shelving scheme Damaged status Not for loan Home library Current library Date acquired Total checkouts Barcode Date last seen Price effective from Koha item type
    Library of Congress Classification     PIU Library PIU Library 11/13/2025   PIUDL826 11/13/2025 11/13/2025 Books